000 00204 a2200097 4500
001 8006
100 _aLewis, M
245 _aThe history of the British navy
260 _a
_bAllen
_c
090 _c6414
_d6414
942 _aNUST-CAE
_cM
_c32950
999 _c243079
_d243079